000
00263nam a2200097Ia 4500
001
775114
005
20250826165823.0
008
250824s9999 xx 000 0 und d
245
0
_a
KAYIP RUH DOLUNAY KAPISI
_c
NESRİN AYDIN ERDEM
260
_b
ÇOCUK GEZEGENİ YAYINLARI
999
_c
775114
_d
775114